| 000 | 01083nam a22002057a 4500 | ||
|---|---|---|---|
| 999 |
_c61922 _d61922 |
||
| 003 | Ge_BSU | ||
| 005 | 20240611101013.0 | ||
| 008 | 240611s1955 ge ||||| |||| 00| 0 geo d | ||
| 041 | _ageo | ||
| 080 | _a61(479.22)(092) გ-37 | ||
| 100 |
_aგერსამია, ვლ. _922384 |
||
| 245 |
_aალექსანდრე სტეფანეს-ძე ალადაშვილი : _b[ცხოვრება და მოღვაწეობა] / _c ვლ. გერსამია; რედ. ს. საყვარელიძე. |
||
| 264 |
_aთბილისი : _bსაქმედგამი, _c1955. |
||
| 300 |
_a80 გვ. : _b15ფ. პორტრ. და ილ. ; _c 21 სმ. |
||
| 490 | _aსაქართველოს მედიცინის მოღვაწენი | ||
| 653 | _aქართველი ექიმები | ||
| 653 | _aალადაშვილი, ალექსანდრე. | ||
| 700 |
_aსაყვარელიძე, ს. _eრედაქტორი _922385 |
||
| 942 |
_2udc _cᲬᲘᲒᲜᲘ |
||